La lectura: principios y bases para su enseñanza y mejoramiento en todos los grados de la escuela primaria
Zapisane w:
| 1. autor: | |
|---|---|
| Format: | Książka |
| Język: | hiszpański |
| Wydane: |
Ciudad de México
Fernández
1960
|
| Wydanie: | 3a. ed |
| Seria: | Ensayos pedagógicos, 2
|
| Hasła przedmiotowe: | |
| Etykiety: |
Dodaj etykietę
Nie ma etykietki, Dołącz pierwszą etykiete!
|
MARC
| LEADER | 00000nam a2200000 a 4500 | ||
|---|---|---|---|
| 001 | UCY8502 | ||
| 003 | CL-VaPUC | ||
| 008 | 950703e19601230MX |||||||||||||||||spa|d | ||
| 082 | 0 | 4 | |a 372.4 |b BAS |2 21 |
| 100 | 0 | |a Basurto García, Alfredo |e author |9 339919 | |
| 245 | 1 | 3 | |a La lectura: principios y bases para su enseñanza y mejoramiento en todos los grados de la escuela primaria |
| 250 | |a 3a. ed | ||
| 300 | |a 207 p | ||
| 942 | |c BK | ||
| 945 | |d 19950703 00:00:00 |a mfernand | ||
| 260 | |a Ciudad de México |b Fernández |c 1960 | ||
| 650 | 0 | |a Lectura |9 307634 | |
| 650 | 0 | |a Enseñanza de la lectura |9 308364 | |
| 650 | 0 | |a Apresto lectoescritura |9 309297 | |
| 650 | 0 | |a Lectura en voz alta |9 335516 | |
| 650 | 0 | |a Educación básica |9 224933 | |
| 583 | |a last modification |c 19950703 00:00:00 |k Rodrigo Vera | ||
| 490 | 0 | |a Ensayos pedagógicos, 2 | |
| 999 | |c 235739 |d 235737 | ||
| 952 | |0 0 |1 0 |4 0 |6 372_400000000000000_BAS_1960 |7 0 |8 X |9 243342 |a BIBEDU |b BIBEDU |d 2019-11-18 |i 1528475 |o 372.4 BAS 1960 |p 1528475 |r 2023-01-13 |w 2019-11-18 |y BK_X |k EDU | ||